| 000 | 00413nam a22001697a 4500 | ||
|---|---|---|---|
| 005 | 20250324121706.0 | ||
| 008 | 250324b ||||| |||| 00| 0 eng d | ||
| 020 | _a9789350725788 | ||
| 041 | _ahin | ||
| 082 |
_a891.43 _bSRH |
||
| 100 | _aSrivastava, Champa | ||
| 245 | _aHindi Ka Atmakathatmak Sahitya | ||
| 260 |
_aNew Delhi _bVani Prakashan _c2013 |
||
| 300 | _a260p. | ||
| 650 | _aHINDI | ||
| 942 |
_cBK _2ddc |
||
| 999 |
_c50139 _d50139 |
||